000
00327 a2200145 4500
001
169963
020
_a
040
_c
Magnum
100
_a
Sanchez Sanchez, Serafin
240
1
0
_a
La tutoria en los centros docentes
_l
ESP
245
1
0
_a
La tutoria en los centros docentes
362
0
_a
1899
697
_a
GERAL
942
_c
BK
999
_c
169963
_d
169963